LEADER 01109nam0-2200385---450 001 990005667250203316 005 20190403124956.0 035 $a000566725 035 $aUSA01000566725 035 $a(ALEPH)000566725USA01 035 $a000566725 100 $a20050411d1957----|||y0itaa50------ba 101 $aita 102 $ait 105 $a0 00||| 200 1 $aScritti filosofici, letterari e vari$fCarlo Cattaneo$g[a cura di Franco Alessio] 210 $aFirenze$cSansoni$dstampa 1957 215 $aLV, 1014 p.$d22 cm. 225 2 $a<> classici italiani 410 0$12001$a<> classici italiani 620 $dFIRENZE 676 $a195 700 1$aCATTANEO,$bCarlo$0446769 702 1$aALESSIO,$bFranco 801 0$aIT$bSA$c20111219 912 $a990005667250203316 950 0$aDipar.to di Filosofia - Salerno$dDFAA 195 CAT$e2498 FIL 951 $aAA 195 CAT$b2498 FIL 959 $aBK 969 $aFIL 979 $c20121027$lUSA01$h1525 979 $c20121027$lUSA01$h1615 996 $aScritti filosofici, letterari e vari$9935618 997 $aUNISA NUM $aSA0013347 LEADER 02003nam0 22005413i 450 001 VAN00285249 005 20250327020446.61 017 70$2N$a9783031255663 100 $a20250123d2023 |0itac50 ba 101 $aeng 102 $aCH 105 $a|||| ||||| 181 $ai$b e 182 $ab 183 $acr 200 1 $aˆThe ‰Perceptual Structure of Sound$fDik J. Hermes 210 $aCham$cSpringer$d2023 215 $axix, 827 p.$cill.$d24 cm 410 1$1001VAN00285251$12001 $aCurrent Research in Systematic Musicology$1210 $aCham [etc.]$cSpringer$v11 606 $a00-XX$xGeneral and overarching topics; collections [MSC 2020]$3VANC025238$2MF 606 $a76-XX$xFluid mechanics [MSC 2020]$3VANC019858$2MF 606 $a92-XX$xBiology and other natural sciences [MSC 2020]$3VANC020839$2MF 610 $aAuditory Objects$9KW:K 610 $aAuditory Processing$9KW:K 610 $aAuditory Scene Analysis$9KW:K 610 $aHearing$9KW:K 610 $aLoudness$9KW:K 610 $aMelody$9KW:K 610 $aMusic$9KW:K 610 $aPitch$9KW:K 610 $aRhythm$9KW:K 610 $aSound$9KW:K 610 $aSound Localization$9KW:K 610 $aSpeech$9KW:K 610 $aSyllables$9KW:K 610 $aTimbre$9KW:K 610 $aTones$9KW:K 620 $aCH$dCham$3VANL001889 700 1$aHermes$bDik J.$3VANV239100$01368843 712 $aSpringer $3VANV108073$4650 801 $aIT$bSOL$c20250328$gRICA 856 4 $uhttps://doi.org/10.1007/978-3-031-25566-3$zE-book ? Accesso al full-text attraverso riconoscimento IP di Ateneo, proxy e/o Shibboleth 899 $aBIBLIOTECA DEL DIPARTIMENTO DI MATEMATICA E FISICA$1IT-CE0120$2VAN08 912 $fN 912 $aVAN00285249 950 $aBIBLIOTECA DEL DIPARTIMENTO DI MATEMATICA E FISICA$d08DLOAD e-Book 10370 $e08eMF10370 20250207 996 $aPerceptual Structure of Sound$94310082 997 $aUNICAMPANIA